Хроники на безвремието (Запис номер 328160)
[ съкратено ]
| 000 -Лидер | |
|---|---|
| Контролно поле с фиксирана дължина | 00913nam a2200265 a 4500 |
| 003 - Код на организацията, давaща контролен номер | |
| Контролно поле | BLK |
| 005 - Дата и час на последна редакция | |
| Контролно поле | 20240531104539.0 |
| 008 - Елементи от данни с фиксирана дължина | |
| fixed length control field | 181219b bu ||||| |||| 00| 0 bu d |
| 020 ## - Международен стандартен номер на книга ISBN | |
| Международен стандартен номер на книга ISBN | 9789545154522 |
| 040 ## - Източник на каталожния запис | |
| Идентификатор на билиотеката - собственик на записа | BLK |
| 041 ## - Код за език | |
| Код за езика на текст/звукозапис или на отделно заглавие | Български |
| Код за езика КДБФ | Български |
| 080 ## - УДК | |
| Текстов определител УДК | Българска литература |
| УДК код - определител по УДК | 821.163.2 |
| УДК определител | -94 |
| УДК - код + определител | 821.163.2-94 |
| 100 1# - Редна дума - Автор | |
| R(LIN) | 145426 |
| Автор | Янакиев, Яков |
| Авторска отговорност | първи автор |
| 139 ## - Редно поле | |
| Редна дума | Янакиев, Яков |
| Авторски знак | Янак - Я 51 |
| 245 ## - Сведения за заглавието | |
| Заглавие | Хроники на безвремието |
| 257 ## - Страна на издаване | |
| Страна на създаване/издаване | България |
| 260 ## - Област на издателските данни | |
| 9 (RLIN) | 214258 |
| Място на издаване, разпространение и проч. | София |
| Име на издателя, разпространителя и проч. | Милениум |
| Година на издаване | 2018 |
| Печатница | Инвестпрес |
| Дата на отпечатване | 2018 |
| 300 ## - Физическа характеристика | |
| Страници | 254 с. |
| Размери/Мащаб | с ил. |
| Илюстрации и др. | 21 см |
| 380 ## - Жанр | |
| Жанр | Худож. лит. |
| 500 ## - Общи забележки | |
| Забележка | Биогр. данни за авт. отбелязани на гърба на кор. |
| 852 ## - Местоположение | |
| Форматна сигнатура | Цб 293726 |
| 999 ## - СИСТЕМНИ КОНТРОЛНИ НОМЕРА | |
| Koha biblionumber | 328160 |
| Koha biblioitemnumber | 328160 |
| 942 ## - АРТИКУЛИ | |
| Вид на библиотечния материал | Книги |
| Скрит в OPAC | Не |
| Koha issues (borrowed), all copies | 6 |
| 944 ## - СЪЗДАВАНЕ И РЕДАКЦИЯ на ЗАПИСА | |
| Създаване/Редакция | Редакция |
| Дата на регистрацията/редакция | 2019-02-14 |
| Служител, извършил регистрацията/редакцията | 30576 |
| Статус, дата на статуса | Цветомила Тодорова |
| 999 ## - СИСТЕМНИ КОНТРОЛНИ НОМЕРА | |
| Koha biblioitemnumber | 328160 |
| Код за отписване | Код за изгубен артикул | Източник на класификационната схема | Код за повреда | Коз за рестрикции | Код за отдаване | Артикулен № | Име на библиотеката - собственик | Име на библиотеката, в която се намира в момента | Статус (Текущо местоположение) | Дата на вписване в системата | Местоположение - отдел | Цена в лева | Систематично азбучна сигнатура | Баркод | Цена в евро | Служебен тип на артикула |
|---|---|---|---|---|---|---|---|---|---|---|---|---|---|---|---|---|
| Не е изгубен | Universal Decimal Classification | Не е повреден | без рестрикции | заемане за дома | 688031 | Регионална библиотека "Любен Каравелов" Русе | Регионална библиотека "Любен Каравелов" Русе | Заемна - подръчен фонд | 2019-01-02 | Заемна - подръчен фонд | 16.00 | П 886.7-94/Я 51 | 120000828858 | 8.18 | Книги | |
| Не е изгубен | Universal Decimal Classification | Не е повреден | без рестрикции | ползва се в читалня | 689497 | Регионална библиотека "Любен Каравелов" Русе | Регионална библиотека "Любен Каравелов" Русе | Хранилище | 2019-02-15 | Хранилище | 16.00 | Цб 294048 | 120000829949 | 8.18 | Книги |